000 00296nam a2200133Ia 4500
005 20251222155046.0
008 251222s9999||||xx |||||||||||||| ||spa||
082 _aREL.72
100 _aDocum.Eclesiales
245 0 _aCarta Enciclica
250 _a1ra. ed.
264 _bSalesiana
942 _cLIB
999 _c37103
_d37103